[Event "FRA-chT3 Gr03 0304"]
[Site "Languedoc Roussillon"]
[Date "2003.12.07"]
[Round "8"]
[White "Brauckmann, Hartwick"]
[Black "Nicq Beothy, Ambre"]
[Result "1-0"]
[WhiteElo "1820"]
[BlackElo "1540"]
[PlyCount "75"]
[EventDate "2003.12.07"]
[EventType "team"]
[EventRounds "9"]
[EventCountry "FRA"]
[SourceTitle "EXT 2008"]
[Source "ChessBase"]
[SourceDate "2007.11.25"]
[SourceVersion "1"]
[SourceVersionDate "2007.11.25"]
[SourceQuality "1"]

1. Nc3 c6 2. Nf3 d5 3. e4 Bg4 4. h3 Bxf3 5. Qxf3 e6 6. d4 Bb4 7. exd5 cxd5 8. Bb5+ Nc6 9. 0-0 Nf6 10. Ne2 0-0 11. Bg5 Be7 12. c3 a6 13. Bd3 b5 14. a3 Na5 15. Nc1 Nc4 16. b3 Nxa3 17. Bxf6 gxf6 18. b4 Nc4 19. Bxc4 bxc4 20. Ra5 Qd6 21. Ne2 Bd8 22. Ra2 f5 23. Rfa1 Bc7 24. g3 Rfb8 25. Nf4 Qc6 26. Qe3 Rb7 27. Nh5 Bd8 28. Qe5 f6 29. Nxf6+ Bxf6 30. Qxf6 Rba7 31. Ra5 Rb7 32. Rc5 Qd6 33. Raa5 Qd7 34. Kg2 Rb6 35. Qe5 Rb5 36. Rc7 Qxc7 37. Qxc7 Rxa5 38. bxa5 1-0